Normal view
MARC view
Entry Geographic Name
001 - CONTROL NUMBER
- control field: 3259
003 - CONTROL NUMBER IDENTIFIER
- control field: OSt
005 - DATE AND TIME OF LATEST TRANSACTION
- control field: 20220808082341.0
008 - FIXED-LENGTH DATA ELEMENTS
- fixed length control field: 220808|| aca||aabn | a|a d
040 ## - CATALOGING SOURCE
- Original cataloging agency: OSt
- Transcribing agency: OSt
151 ## - HEADING--GEOGRAPHIC NAME
- Geographic name: Charkov (Ukrajina)
- General subdivision: dějiny
- Chronological subdivision: 1942
670 ## - SOURCE DATA FOUND
- Source citation: Work cat.: (OSt)0: Kessler, Leo, 1926-2007 aut 3254, Charkov: Pochod smrti :, 2002